<?xml version="1.0" encoding="UTF-8"?>
<record
    xmlns:xsi="http://www.w3.org/2001/XMLSchema-instance"
    xsi:schemaLocation="http://www.loc.gov/MARC21/slim http://www.loc.gov/standards/marcxml/schema/MARC21slim.xsd"
    xmlns="http://www.loc.gov/MARC21/slim">

  <leader>04908cam a22005657a 4500</leader>
  <controlfield tag="005">20090121141037.0</controlfield>
  <controlfield tag="008">041027s2004    dcua   j b    001 0 eng d</controlfield>
  <datafield tag="010" ind1=" " ind2=" ">
    <subfield code="a">B-330276-289</subfield>
  </datafield>
  <datafield tag="020" ind1=" " ind2=" ">
    <subfield code="a">9788179913062</subfield>
    <subfield code="c">55.00</subfield>
  </datafield>
  <datafield tag="035" ind1=" " ind2=" ">
    <subfield code="a">B-330276-289</subfield>
  </datafield>
  <datafield tag="035" ind1=" " ind2=" ">
    <subfield code="a">B-358510</subfield>
  </datafield>
  <datafield tag="037" ind1=" " ind2=" ">
    <subfield code="b">Publisher</subfield>
  </datafield>
  <datafield tag="040" ind1=" " ind2=" ">
    <subfield code="a">dpl</subfield>
    <subfield code="b">English</subfield>
  </datafield>
  <datafield tag="082" ind1=" " ind2=" ">
    <subfield code="a">612.1</subfield>
  </datafield>
  <datafield tag="100" ind1=" " ind2=" ">
    <subfield code="a">Johnson, Rebecca L.</subfield>
  </datafield>
  <datafield tag="245" ind1=" " ind2=" ">
    <subfield code="a">Respiration and circulation /</subfield>
    <subfield code="c">by Rebecca L. Johnson</subfield>
  </datafield>
  <datafield tag="260" ind1=" " ind2=" ">
    <subfield code="a">Mumbai</subfield>
    <subfield code="b">Popular Prakashan</subfield>
    <subfield code="c">c2004.</subfield>
  </datafield>
  <datafield tag="270" ind1=" " ind2=" ">
    <subfield code="a">301, Mahalaxmi Chambers, 22 Bhulabhai Desai Road</subfield>
    <subfield code="b">Mumbai</subfield>
    <subfield code="e">400 026</subfield>
  </datafield>
  <datafield tag="300" ind1=" " ind2=" ">
    <subfield code="a">32p. </subfield>
    <subfield code="b">col. ill. </subfield>
    <subfield code="c">23cm.  (pbk)</subfield>
  </datafield>
  <datafield tag="490" ind1=" " ind2=" ">
    <subfield code="a">Human body</subfield>
  </datafield>
  <datafield tag="500" ind1=" " ind2=" ">
    <subfield code="a">Originally published by National Geographic under reading expeditions series</subfield>
  </datafield>
  <datafield tag="504" ind1=" " ind2=" ">
    <subfield code="a">Includes bibliographical references (p. 30) and index.</subfield>
  </datafield>
  <datafield tag="520" ind1=" " ind2=" ">
    <subfield code="a">Overview of the respiratory and circulatory systems, with an explanation of how these systems bring oxygen to the body's cells and carry wastes away. Explores the major parts of each system and describes how scientists are working to find replacements for what fails or wears out.</subfield>
  </datafield>
  <datafield tag="650" ind1=" " ind2=" ">
    <subfield code="a">Cardiopulmonary system</subfield>
    <subfield code="v">Juvenile literature.</subfield>
  </datafield>
  <datafield tag="650" ind1=" " ind2=" ">
    <subfield code="a">Cardiovascular system</subfield>
    <subfield code="v">Juvenile literature.</subfield>
  </datafield>
  <datafield tag="650" ind1=" " ind2=" ">
    <subfield code="a">Lungs</subfield>
    <subfield code="v">Juvenile literature.</subfield>
  </datafield>
  <datafield tag="650" ind1=" " ind2=" ">
    <subfield code="a">Heart</subfield>
    <subfield code="v">Juvenile literature.</subfield>
  </datafield>
  <datafield tag="650" ind1=" " ind2=" ">
    <subfield code="a">Blood</subfield>
    <subfield code="x">Circulation</subfield>
    <subfield code="v">Juvenile literature.</subfield>
  </datafield>
  <datafield tag="710" ind1=" " ind2=" ">
    <subfield code="a">National Geographic Society (U.S.)</subfield>
  </datafield>
  <datafield tag="830" ind1=" " ind2=" ">
    <subfield code="a">Human body series (Washington, D.C.)</subfield>
  </datafield>
  <datafield tag="942" ind1=" " ind2=" ">
    <subfield code="2">ddc</subfield>
    <subfield code="c">CH</subfield>
    <subfield code="h">612.1</subfield>
    <subfield code="m">JOH</subfield>
  </datafield>
  <datafield tag="999" ind1=" " ind2=" ">
    <subfield code="c">21957</subfield>
    <subfield code="d">21957</subfield>
  </datafield>
  <datafield tag="952" ind1=" " ind2=" ">
    <subfield code="0">0</subfield>
    <subfield code="1">0</subfield>
    <subfield code="2">ddc</subfield>
    <subfield code="4">0</subfield>
    <subfield code="7">0</subfield>
    <subfield code="8">NFIC</subfield>
    <subfield code="a">M</subfield>
    <subfield code="b">M</subfield>
    <subfield code="d">2009-07-07</subfield>
    <subfield code="e">Popular/0114/4.5.09/8/23.4.09/3.6.09</subfield>
    <subfield code="g">55.00</subfield>
    <subfield code="l">0</subfield>
    <subfield code="o">612.1 JOH</subfield>
    <subfield code="p">B-330276</subfield>
    <subfield code="r">2009-07-07 00:00:00</subfield>
    <subfield code="t">2</subfield>
    <subfield code="v">55.00</subfield>
    <subfield code="w">2009-07-07</subfield>
    <subfield code="y">CH</subfield>
  </datafield>
  <datafield tag="952" ind1=" " ind2=" ">
    <subfield code="0">0</subfield>
    <subfield code="1">0</subfield>
    <subfield code="2">ddc</subfield>
    <subfield code="4">0</subfield>
    <subfield code="7">0</subfield>
    <subfield code="8">NFIC</subfield>
    <subfield code="a">M</subfield>
    <subfield code="b">M</subfield>
    <subfield code="d">2009-07-07</subfield>
    <subfield code="e">Popular/0114/4.5.09/8/23.4.09/3.6.09</subfield>
    <subfield code="g">55.00</subfield>
    <subfield code="l">0</subfield>
    <subfield code="o">612.1 JOH</subfield>
    <subfield code="p">B-330277</subfield>
    <subfield code="r">2009-07-07 00:00:00</subfield>
    <subfield code="t">2</subfield>
    <subfield code="v">55.00</subfield>
    <subfield code="w">2009-07-07</subfield>
    <subfield code="y">CH</subfield>
  </datafield>
  <datafield tag="952" ind1=" " ind2=" ">
    <subfield code="0">0</subfield>
    <subfield code="1">0</subfield>
    <subfield code="2">ddc</subfield>
    <subfield code="4">0</subfield>
    <subfield code="7">0</subfield>
    <subfield code="8">NFIC</subfield>
    <subfield code="a">NPL</subfield>
    <subfield code="b">NPL</subfield>
    <subfield code="d">2009-07-07</subfield>
    <subfield code="e">Popular/0114/4.5.09/8/23.4.09/3.6.09</subfield>
    <subfield code="g">55.00</subfield>
    <subfield code="l">0</subfield>
    <subfield code="o">612.1 JOH</subfield>
    <subfield code="p">B-330278</subfield>
    <subfield code="r">2010-04-03 00:00:00</subfield>
    <subfield code="t">1</subfield>
    <subfield code="v">55.00</subfield>
    <subfield code="w">2009-07-07</subfield>
    <subfield code="y">CH</subfield>
  </datafield>
  <datafield tag="952" ind1=" " ind2=" ">
    <subfield code="0">0</subfield>
    <subfield code="1">0</subfield>
    <subfield code="2">ddc</subfield>
    <subfield code="4">0</subfield>
    <subfield code="7">0</subfield>
    <subfield code="8">NFIC</subfield>
    <subfield code="a">L</subfield>
    <subfield code="b">L</subfield>
    <subfield code="d">2009-07-07</subfield>
    <subfield code="e">Popular/0114/4.5.09/8/23.4.09/3.6.09</subfield>
    <subfield code="g">55.00</subfield>
    <subfield code="l">0</subfield>
    <subfield code="o">612.1 JOH</subfield>
    <subfield code="p">B-330279</subfield>
    <subfield code="r">2009-07-07 00:00:00</subfield>
    <subfield code="t">1</subfield>
    <subfield code="v">55.00</subfield>
    <subfield code="w">2009-07-07</subfield>
    <subfield code="y">CH</subfield>
  </datafield>
  <datafield tag="952" ind1=" " ind2=" ">
    <subfield code="0">0</subfield>
    <subfield code="1">5</subfield>
    <subfield code="2">ddc</subfield>
    <subfield code="4">0</subfield>
    <subfield code="7">0</subfield>
    <subfield code="8">NFIC</subfield>
    <subfield code="a">BL1</subfield>
    <subfield code="b">BL1</subfield>
    <subfield code="d">2009-07-07</subfield>
    <subfield code="e">Popular/0114/4.5.09/8/23.4.09/3.6.09</subfield>
    <subfield code="g">55.00</subfield>
    <subfield code="l">0</subfield>
    <subfield code="o">612.1 JOH</subfield>
    <subfield code="p">B-330280</subfield>
    <subfield code="r">2009-07-07 00:00:00</subfield>
    <subfield code="t">1</subfield>
    <subfield code="v">55.00</subfield>
    <subfield code="y">CH</subfield>
  </datafield>
  <datafield tag="952" ind1=" " ind2=" ">
    <subfield code="0">0</subfield>
    <subfield code="1">5</subfield>
    <subfield code="2">ddc</subfield>
    <subfield code="4">0</subfield>
    <subfield code="7">0</subfield>
    <subfield code="8">NFIC</subfield>
    <subfield code="a">KGM</subfield>
    <subfield code="b">KGM</subfield>
    <subfield code="d">2009-07-07</subfield>
    <subfield code="e">Popular/0114/4.5.09/8/23.4.09/3.6.09</subfield>
    <subfield code="g">55.00</subfield>
    <subfield code="l">0</subfield>
    <subfield code="o">612.1 JOH</subfield>
    <subfield code="p">B-330281</subfield>
    <subfield code="r">2009-07-07 00:00:00</subfield>
    <subfield code="t">1</subfield>
    <subfield code="v">55.00</subfield>
    <subfield code="y">CH</subfield>
  </datafield>
  <datafield tag="952" ind1=" " ind2=" ">
    <subfield code="0">0</subfield>
    <subfield code="1">0</subfield>
    <subfield code="2">ddc</subfield>
    <subfield code="4">0</subfield>
    <subfield code="7">0</subfield>
    <subfield code="8">NFIC</subfield>
    <subfield code="a">PR</subfield>
    <subfield code="b">PR</subfield>
    <subfield code="d">2009-07-07</subfield>
    <subfield code="e">Popular/0114/4.5.09/8/23.4.09/3.6.09</subfield>
    <subfield code="g">55.00</subfield>
    <subfield code="l">0</subfield>
    <subfield code="o">612.1 JOH</subfield>
    <subfield code="p">B-330282</subfield>
    <subfield code="r">2009-07-07 00:00:00</subfield>
    <subfield code="t">1</subfield>
    <subfield code="v">55.00</subfield>
    <subfield code="w">2009-07-07</subfield>
    <subfield code="y">CH</subfield>
  </datafield>
  <datafield tag="952" ind1=" " ind2=" ">
    <subfield code="0">0</subfield>
    <subfield code="1">0</subfield>
    <subfield code="2">ddc</subfield>
    <subfield code="4">0</subfield>
    <subfield code="7">0</subfield>
    <subfield code="8">NFIC</subfield>
    <subfield code="a">ZLS</subfield>
    <subfield code="b">ZLS</subfield>
    <subfield code="d">2009-07-07</subfield>
    <subfield code="e">Popular/0114/4.5.09/8/23.4.09/3.6.09</subfield>
    <subfield code="g">55.00</subfield>
    <subfield code="l">0</subfield>
    <subfield code="o">612.1 JOH</subfield>
    <subfield code="p">B-330283</subfield>
    <subfield code="r">2009-07-07 00:00:00</subfield>
    <subfield code="t">1</subfield>
    <subfield code="v">55.00</subfield>
    <subfield code="w">2009-07-07</subfield>
    <subfield code="y">CH</subfield>
  </datafield>
  <datafield tag="952" ind1=" " ind2=" ">
    <subfield code="0">0</subfield>
    <subfield code="1">0</subfield>
    <subfield code="2">ddc</subfield>
    <subfield code="4">0</subfield>
    <subfield code="7">0</subfield>
    <subfield code="8">NFIC</subfield>
    <subfield code="a">VP</subfield>
    <subfield code="b">VP</subfield>
    <subfield code="d">2009-07-07</subfield>
    <subfield code="e">Popular/0114/4.5.09/8/23.4.09/3.6.09</subfield>
    <subfield code="g">55.00</subfield>
    <subfield code="l">4</subfield>
    <subfield code="o">612.1 JOH</subfield>
    <subfield code="p">B-330284</subfield>
    <subfield code="r">2012-07-21 00:00:00</subfield>
    <subfield code="s">2012-07-07</subfield>
    <subfield code="t">1</subfield>
    <subfield code="v">55.00</subfield>
    <subfield code="w">2009-07-07</subfield>
    <subfield code="y">CH</subfield>
  </datafield>
  <datafield tag="952" ind1=" " ind2=" ">
    <subfield code="0">0</subfield>
    <subfield code="1">5</subfield>
    <subfield code="2">ddc</subfield>
    <subfield code="4">0</subfield>
    <subfield code="7">0</subfield>
    <subfield code="8">NFIC</subfield>
    <subfield code="a">BL3</subfield>
    <subfield code="b">BL3</subfield>
    <subfield code="d">2009-07-07</subfield>
    <subfield code="e">Popular/0114/4.5.09/8/23.4.09/3.6.09</subfield>
    <subfield code="g">55.00</subfield>
    <subfield code="l">0</subfield>
    <subfield code="o">612.1 JOH</subfield>
    <subfield code="p">B-330285</subfield>
    <subfield code="r">2009-07-07 00:00:00</subfield>
    <subfield code="t">1</subfield>
    <subfield code="v">55.00</subfield>
    <subfield code="y">CH</subfield>
  </datafield>
  <datafield tag="952" ind1=" " ind2=" ">
    <subfield code="0">0</subfield>
    <subfield code="1">0</subfield>
    <subfield code="2">ddc</subfield>
    <subfield code="4">0</subfield>
    <subfield code="7">0</subfield>
    <subfield code="8">NFIC</subfield>
    <subfield code="a">BKK</subfield>
    <subfield code="b">BKK</subfield>
    <subfield code="d">2009-07-07</subfield>
    <subfield code="e">Popular/0114/4.5.09/8/23.4.09/3.6.09</subfield>
    <subfield code="g">55.00</subfield>
    <subfield code="l">0</subfield>
    <subfield code="o">612.1 JOH</subfield>
    <subfield code="p">B-330286</subfield>
    <subfield code="r">2009-07-07 00:00:00</subfield>
    <subfield code="t">1</subfield>
    <subfield code="v">55.00</subfield>
    <subfield code="w">2009-07-07</subfield>
    <subfield code="y">CH</subfield>
  </datafield>
  <datafield tag="952" ind1=" " ind2=" ">
    <subfield code="0">0</subfield>
    <subfield code="1">5</subfield>
    <subfield code="2">ddc</subfield>
    <subfield code="4">0</subfield>
    <subfield code="7">0</subfield>
    <subfield code="8">NFIC</subfield>
    <subfield code="a">NR</subfield>
    <subfield code="b">NR</subfield>
    <subfield code="d">2009-07-07</subfield>
    <subfield code="e">Popular/0114/4.5.09/8/23.4.09/3.6.09</subfield>
    <subfield code="g">55.00</subfield>
    <subfield code="l">0</subfield>
    <subfield code="o">612.1 JOH</subfield>
    <subfield code="p">B-330287</subfield>
    <subfield code="r">2009-07-07 00:00:00</subfield>
    <subfield code="t">1</subfield>
    <subfield code="v">55.00</subfield>
    <subfield code="y">CH</subfield>
  </datafield>
  <datafield tag="952" ind1=" " ind2=" ">
    <subfield code="0">0</subfield>
    <subfield code="1">0</subfield>
    <subfield code="2">ddc</subfield>
    <subfield code="4">0</subfield>
    <subfield code="7">0</subfield>
    <subfield code="8">NFIC</subfield>
    <subfield code="a">BN</subfield>
    <subfield code="b">BN</subfield>
    <subfield code="d">2009-07-07</subfield>
    <subfield code="e">Popular/0114/4.5.09/8/23.4.09/3.6.09</subfield>
    <subfield code="g">55.00</subfield>
    <subfield code="l">0</subfield>
    <subfield code="o">612.1 JOH</subfield>
    <subfield code="p">B-330288</subfield>
    <subfield code="r">2009-07-07 00:00:00</subfield>
    <subfield code="t">1</subfield>
    <subfield code="v">55.00</subfield>
    <subfield code="w">2009-07-07</subfield>
    <subfield code="y">CH</subfield>
  </datafield>
  <datafield tag="952" ind1=" " ind2=" ">
    <subfield code="0">0</subfield>
    <subfield code="1">0</subfield>
    <subfield code="2">ddc</subfield>
    <subfield code="4">0</subfield>
    <subfield code="7">0</subfield>
    <subfield code="8">NFIC</subfield>
    <subfield code="a">BL4</subfield>
    <subfield code="b">BL4</subfield>
    <subfield code="d">2009-07-07</subfield>
    <subfield code="e">Popular/0114/4.5.09/8/23.4.09/3.6.09</subfield>
    <subfield code="g">55.00</subfield>
    <subfield code="l">0</subfield>
    <subfield code="o">612.1 JOH</subfield>
    <subfield code="p">B-330289</subfield>
    <subfield code="r">2009-07-07 00:00:00</subfield>
    <subfield code="t">1</subfield>
    <subfield code="v">55.00</subfield>
    <subfield code="w">2009-07-07</subfield>
    <subfield code="y">CH</subfield>
  </datafield>
  <datafield tag="952" ind1=" " ind2=" ">
    <subfield code="0">0</subfield>
    <subfield code="1">0</subfield>
    <subfield code="2">ddc</subfield>
    <subfield code="4">0</subfield>
    <subfield code="7">0</subfield>
    <subfield code="8">NFIC</subfield>
    <subfield code="a">JP</subfield>
    <subfield code="b">JP</subfield>
    <subfield code="d">2009-09-19</subfield>
    <subfield code="e">Popular/I/09-10/0562/10.9.09/85/2.9.09/16.9.09</subfield>
    <subfield code="g">55.00</subfield>
    <subfield code="l">12</subfield>
    <subfield code="o">612.1 JOH</subfield>
    <subfield code="p">B-358510</subfield>
    <subfield code="r">2012-07-28 00:00:00</subfield>
    <subfield code="s">2012-07-23</subfield>
    <subfield code="t">1</subfield>
    <subfield code="v">55.00</subfield>
    <subfield code="w">2009-09-19</subfield>
    <subfield code="y">CH</subfield>
  </datafield>
</record>
